Der Deutsche Orden und die Stände in Preussen

Titel: Der Deutsche Orden und die Stände in Preussen : Verknüpfung und Unterschiede im kulturellen Leben
Verfasser:
In: ˜Dieœ Rolle der Ritterorden in der mittelalterlichen Kultur, (1985), Seite 7-22
alle Artikel anzeigen
Veröffentlicht: 1985
Format: Aufsatz
Sprache: Deutsch
Kein Bild verfügbar
X
alg: 39190505
001A    $01999:11-11-16 
001B    $01999:29-03-21 $t21:46:57.000 
001D    $01999:11-11-16 
001U    $0utf8 
001X    $00 
002@    $0Aox 
003@    $0391905058 
007A    $0391905058 $aHEB 
007T    $0Herd19443 
010@    $ager 
011@    $a1985 
021A    $aDer @Deutsche Orden und die Stände in Preussen $dVerknüpfung und Unterschiede im kulturellen Leben 
028A    $#Samsonowicz, H. $#Samsonowicz, Henryk Bohdan $7118076477 $8Samsonowicz, Henryk$Z1930-2021 [Tp1] $9094767637 
031A    $h7-22 $j1985 
039B    $aIn $8--Aauc--. Die @Rolle der Ritterorden in der mittelalterlichen Kultur. - Toruń : Uniw. Mikołaja Kopernika, 1985. - 212 S.. - Ill.. - ISBN 83-231-0037-3 $x198500000000000993 $9005404916 
045F    $a900.943820902 $eDDC23BSB 
045F/01 $a900 
045F/03 $f0902 
045F/03 $g4382 
045F/03 $g43832 

lok: 39190505 78

exp: 39190505 78 1 #EPN
201B/01 $019-04-17 $t10:53:16.000 
201U/01 $0utf8 
203@/01 $0788000675 
208@/01 $a11-11-16 $be 
209A/01 $a/ $f000 $x00 
220C/01 $aTitelaufnehmer: kl 
244Z/01 $2Trx $#Prusy Wschodnie i Zachodnie $8--Trx--Ost- und Westpreußen $x01 $939113373X 
244Z/01 $2Trx $#ordud Saksa Ordu $#ordinas kryžiuočių $#order Teutonic Knights $#rendek Német Lovagrend $#zakony, krzyżacy $#rád, nemeckí rytieri $#řád, němečtí rytíři $#Deutscher Orden $#Ritterorden $#zakon krzyżacki $#zakon niemiecki $#nemeckí rytieri $8--Trx--Orden$gDeutscher Orden $x02 $9391363204 
244Z/01 $2Trx $#seisused Preisi Hertsogiriik $#Prūsijos Kunigaikštystės valstybė $#Estates Duchy of Prussia $#rendek Porosz Hercegség $#stany, Prusy Książęce $#stavy zemské Pruské kniežatstvo $#stavy zemské Pruské knížectví $8--Trx--Stände$gHerzogtum Preußen $x03 $9391358243 
244Z/01 $2Trx $8--Trx--Einzelbeiträge $x04 $9391384570 
245Z/01 $a06.02 $x01 
247C/01 $82080>Marburg/Lahn, Herder-Institut, Forschungsbibliothek, Bibliographieportal $9336309341
LEADER 00000caa a22000002c 4500
001 391905058
003 DE-603
005 20210329214657.0
007 tu
008 161111s1985 xx |||| | u00||u|ger c
035 |a (DE-599)HEB391905058 
040 |a DE-603  |b ger  |c DE-603  |d DE-603 
041 |a ger 
082 0 4 |8 1\u  |a 900.943820902  |q DE-101  |2 23/BSB 
085 |8 1\u  |b 900 
085 |8 1\u  |z 1  |s 0902 
085 |8 1\u  |z 2  |s 4382 
085 |8 1\u  |z 2  |s 43832 
100 1 |a Samsonowicz, Henryk  |d 1930-2021  |0 (DE-603)094767637  |0 (DE-588)118076477  |2 gnd 
245 0 0 |a ˜Derœ Deutsche Orden und die Stände in Preussen  |b Verknüpfung und Unterschiede im kulturellen Leben 
264 0 |c 1985 
773 0 8 |i In  |t ˜Dieœ Rolle der Ritterorden in der mittelalterlichen Kultur  |d Toruń : Uniw. Mikołaja Kopernika, 1985  |h 212 S., Ill.  |z 8323100373  |g (1985), Seite 7-22  |w (DE-603)005404916 
924 0 |9 2080  |a (DE-603)788000675  |b DE-2080  |c HES  |d d  |g /